Normal view
MARC view
- Quinley, Rich.
Entry Personal Name
001 - CONTROL NUMBER
- control field: 23219
003 - CONTROL NUMBER IDENTIFIER
- control field: NUST
005 - DATE AND TIME OF LATEST TRANSACTION
- control field: 20191008134701.0
008 - FIXED-LENGTH DATA ELEMENTS
- fixed length control field: 191008|| aca||aabn | a|a d
040 ## - CATALOGING SOURCE
- Original cataloging agency: NUST
- Transcribing agency: NUST
100 ## - HEADING--PERSONAL NAME
- Personal name: Quinley, Rich.
670 ## - SOURCE DATA FOUND
- Source citation: Work cat.: (NUST)0: Papagiannakis, A. T. 23215, High speed weigh-in-motion system calibration practices /, 2008.
